00976nam a22002417a 450000500170000000800410001704000250005804100080008308200180009111000950010924500200020426001120022430000110033665000330034765000370038065000330041765000310045065000210048165100200050294200150052299900170053795201800055420150921130650.0150921b2013 ck ||||| |||| 00| 0 spa d aCO-BoIAVHcCO-BoIAVH aspa a333.098bA47r aUniversidad Nacional de Colombia. b Instituto Amazónico de Investigaciones Imani939099 aRio de un Saber aLeticia Amazonas:bUniversidad Nacional de Colombia, Instituto Amazónico de Investigaciones Imanic2013. a234 p. aEcología zAmazonas939100 aAntropología Filosofica939101 aOrganización social939102 aAlimentos Indigenas939103 aDesarollo939104 aColombia939105 2ddccLIBRO c17797d17797 00102ddc40708GENERALA2013IINV2017aBogotabBogotad2015-09-21eInstitutog39000.00l0oLB-333.098 A47rp035213r2015-09-21 00:00:00tEj. 1w2015-09-21xDonaciónyLIBRO